| 000 -LEADER |
| fixed length control field |
00477cam a22001337a 4500 |
| 008 - FIXED-LENGTH DATA ELEMENTS--GENERAL INFORMATION |
| fixed length control field |
180718b1960 xxu||||| |||| 00| 0 eng d |
| 082 ## - DEWEY DECIMAL CLASSIFICATION NUMBER |
| Classification number |
A6x672 T378 |
| 100 ## - MAIN ENTRY--PERSONAL NAME |
| Personal name |
Thompson, Virginia |
| 245 ## - TITLE STATEMENT |
| Title |
Emerging states of French equatorial Africa. |
| Statement of responsibility, etc. |
by Virginia Thompson and Richard Adloff |
| 260 ## - PUBLICATION, DISTRIBUTION, ETC. |
| Place of publication, distribution, etc. |
Stanford |
| Name of publisher, distributor, etc. |
Stanford University press |
| Date of publication, distribution, etc. |
1960 |
| 300 ## - PHYSICAL DESCRIPTION |
| Extent |
xi, 593p |
| 650 ## - SUBJECT ADDED ENTRY--TOPICAL TERM |
| Topical term or geographic name entry element |
Africa, French-speaking Equatorial -Politics and government -1884-1960. |
| 700 ## - ADDED ENTRY--PERSONAL NAME |
| Personal name |
Adloff, Richard |